| 000 | 01010nam a2200229 i 4500 | ||
|---|---|---|---|
| 001 | 39516 | ||
| 003 | ES-MaACL | ||
| 005 | 20230906160018.0 | ||
| 007 | t| | ||
| 008 | 030303s1956 sp ||||1| spa d | ||
| 245 | 0 | 0 |
_aSegunda parte del Cancionero General agora neuamente copilado de los mas gracioso y discreto de muchos afamados trovadores _b: (Zaragoza, 1552) : reimpreso, por vez primera, [del] ejemplar único existente en la Biblioteca Nacional de Viena / _ccon un estudio preliminar de Antonio Rodríguez-Moñino. |
| 260 |
_aValencia : _bCastalia, _c1956. |
||
| 300 |
_aXXVIII, [363] p. ; _c18 cm. |
||
| 490 | 1 |
_aFloresta. Joyas poéticas españolas ; _v7 |
|
| 500 | _aReprod. facs. de la ed. de : Çaragoça : por Steuan G. Najera, 1552. | ||
| 655 | 7 |
_2tgfbne _9226495 _aFacsímiles |
|
| 700 | 1 |
_aRodríguez-Moñino, Antonio. _998681 |
|
| 830 | 0 |
_aFloresta. Joyas poéticas españolas ; _v7 _9183885 |
|
| 852 |
_aES-MaACL _jC-12481 _bR.39928 |
||
| 942 | _2udc | ||
| 999 |
_c39516 _d39516 |
||